Lengua francesa : primer curso

Gespeichert in:
Bibliographische Detailangaben
Körperschaft: F. T. D.
Format: Buch
Sprache:Spanisch
Erschienen: Barcelona : F.T.D., 1927
Ausgabe:9ª ed.
Katalog:MANES:  Suchergebnis im Bibliothekskatalog
Schulbuchspezifische Eigenschaften:
Schlagworte:
Tags: Tag hinzufügen
Keine Tags, Fügen Sie den ersten Tag hinzu!
Hinzugefügt zu:09.02.2019
Geändert in:07.05.2025

MARC

LEADER 00000cam a2200000 4500
005 20250507134541.0
008 190210S1927 0espa 0000 00spa0d
040 |a uned  |b spa  |c entro-manes 
041 0 |a spa  |a espfre 
110 2 |a F. T. D.   |9 21531 
245 1 0 |a Lengua francesa :   |b primer curso /   |c por F. T. D. 
250 |a 9ª ed. 
260 |a Barcelona :   |b F.T.D.,   |c 1927 
300 |a 196 p. :   |b grab. 
500 |a Texto en español-francés 
546 |a España 
561 |5 es-BUNED  |3 L.T. 1817  |a España. Fondo Manes UNED  |k MANES 
690 0 |a LE 
650 7 |a Gramática 
942 |2 ddc  |c BK 
999 |c 97026  |d 97026 
999 |c manes:97026  |d 97026